Top UCL goal-scorers - Statistics

General Stats
  • This quiz has been taken 135 times
  • The average score is 17 of 32
Answer Stats
Goals Player % Correct
141 Cristiano Ronaldo
99%
129 Lionel Messi
98%
99 Robert Lewandowski
89%
90 Karim Benzema
86%
43 Neymar Júnior
84%
49 Kylian Mbappé
79%
44 Erling Haaland
75%
71 Raúl González
73%
51 Thierry Henry
67%
49 Zlatan Ibrahimović
66%
34 Gerd Müller
63%
49 Mohamed Salah
63%
54 Thomas Müller
63%
34 Wayne Rooney
56%
60 Ruud Van Nistelrooy
55%
47 Sergio Agüero
55%
44 Didier Drogba
54%
34 Harry Kane
54%
32 Arjen Robben
43%
35 Edinson Cavani
42%
33 Samuel Eto'o
41%
59 Andriy Shevchenko
40%
50 Filippo Inzaghi
38%
43 Alessandro Del Piero
36%
38 Antoine Griezmann
34%
35 Ferenc Puskás
27%
49 Alfredo Di Stéfano
25%
47 Eusébio
17%
39 Fernando Morientes
15%
32 David Trezeguet
13%
32 Paco Gento
11%
33 Edin Džeko
10%
No matching quizzes found
Score Distribution
Percent of People with Each Score
Percentile by Number Answered
Your Score History
You have not taken this quiz